Sosyolojik bakışla Türkiye'de siyasal elit ve siyasal katılımın etkileri (Record no. 8312)

MARC details
000 -BAŞLIK
Sabit Uzunlukta Kontrol Alanı 00644na a2200229 4500
001 - KONTROL NUMARASI
Denetim Alanı 18252
003 - KONTROL NUMARASI IDENTIFIER
Denetim Alanı MIRAKIL
005 - SON İŞLEM TARİHİ VE ZAMANI
Denetim Alanı 20181213155206.0
008 - SABİT-BOY VERİ ELEMANLARI - GENEL BİLGİLER
Sabit Uzunlukta Kontrol Alanı 161115b tu 000 0
035 ## - SİSTEM KONTROL NUMARASI
Sistem Kontrol Numarası 18252
040 ## - KATALOGLAMA KAYNAK
Orijinal Kataloglama Ajansı Milas
Kataloglama Dili tur
Metne Dönüştürmek Ajansı TR-AnCHP
041 ## - DİL KODU
Metin / Ses Parça Veya Ayrı Başlığın Dil Kodu tur
082 ## - DEWEY ONLU SINIFLANDIRMA NUMARASI
Sınıflandırma Numarası 320.561
Ürün Numarası Y37 2010
090 ## - SINIFLAMA NUMARASI
Sınıflama Numarası 320.561 Y37 2010
100 ## - ANA GİRİŞ - KİŞİSEL İSİM
Kişisel Ad Yeşilırmak, Talip
245 ## - BAŞLIK TABLOSU
Başlık Sosyolojik bakışla Türkiye'de siyasal elit ve siyasal katılımın etkileri
Sorumluluk Tablosu, Vb Talip Yeşilırmak
260 ## - YAYIN, DAĞITIM, VB
Yayın, Dağıtım, Vb Yeri Ankara
Yayıncı, Dağıtıcı, Vs Adı [yayl. y.]
Yayın, Dağıtım, Vb Tarihi 2010
300 ## - FİZİKSEL TANIM
Kapsam 119 s.
Boyutlar 20 sm.
500 ## - GENEL NOT
Genel Not Kaynakça var.
650 ## - KONU KATMA GİRİŞ - TOPİKAL DÖNEM
Topikal Süreli Veya Coğrafi Ad Giriş Elemanı Siyaset ve yönetim
Coğrafi Alt Bölümü Türkiye
942 ## - EKLENDİ GİRİŞ ELEMANLARI (KOHA)
Sınıflandırma Veya Raf Düzeni Kaynak
Koha Öğesi Türü Books
999 ## - SİSTEM KONTROL NUMARALARI (KOHA)
Koha Biblionumber 8312
Koha Biblioitemnumber 8312
Holdings
Kalıcı Konum Mevcut Konum Edinme Tarihi Edinim Kaynak Toplam Check-Out'Lar Tam Çağrı Numarası Barkod Tarih Son Görülme İtibaren Geçerli Fiyatlar Koha Öğesi Türü
CHP Kütüphanesi CHP Kütüphanesi 11/15/2016 Bağış   320.561 Y37 2010 009468 11/15/2016 11/15/2016 Books